000 00898nam a2200241 i 4500
001 bgj
100 1 _aWAJNRYB, Ruth
245 1 0 _aClassroom observation tasks :
_ba resource book for language teachers and trainers /
_cRuth Wajnryb.
260 _aCambridge [etc.] :
_bCambridge Univ. Press,
_c1992.
300 _aVIII, 145 pp :
_bfig. ;
_c23 cm.
490 1 _aCambridge teacher training and development / Ruth Gairns and Marion Williams, series ed.
504 _aBibliography pp 136-138.
505 _aIncl. indexes.
650 9 _aLanguage and languages
_xStudy and teaching
650 9 _aLanguage teachers
_xTraining of
830 0 _aCambridge teacher training and development (Ruth Gairns and Marion Williams, series ed.)
020 _a0521407222 (pbk)
040 _cBPK
041 0 _aeng
920 _a0-521-40722-2 (pbk)
942 _cKS
008 s uk f |000 0 eng
999 _c47329
_d47329
856 _uhttp://koha.tu.koszalin.pl/cgi-bin/koha/opac-detail.pl?biblionumber=47329
_yKatalog online BPK